[Event "XVIII Open Nicolo' La Rosa"]
[Site "Mazara del Vallo ITA"]
[Date "2010.08.20"]
[Round "6"]
[White "Roberti, Ignazio"]
[Black "Piazza, Dario"]
[Result "1-0"]
[WhiteElo "1933"]
[BlackElo "1662"]
[PlyCount "117"]
[EventDate "2010.08.18"]

1. Nf3 Nc6 2. e4 e5 3. Bb5 Bc5 4. c3 Nge7 5. d4 exd4 6. cxd4 Bb4+ 7. Nc3 a6 8.
Ba4 b5 9. Bb3 O-O 10. O-O d6 11. Bg5 Kh8 12. Nd5 f6 13. Be3 Nxd4 14. Bxd4 Ba5
15. Nh4 c5 16. Nxe7 Qxe7 17. Qh5 Qe8 18. Qxe8 Rxe8 19. Bd5 Ra7 20. Bc3 Bxc3 21.
bxc3 g5 22. Nf3 Bb7 23. Rfe1 Bxd5 24. exd5 Rae7 25. Rxe7 Rxe7 26. Re1 Rxe1+ 27.
Nxe1 Kg7 28. Kf1 f5 29. Ke2 Kf6 30. Kd3 g4 31. Nc2 h5 32. g3 Ke5 33. c4 b4 34.
Ne1 a5 35. Ng2 a4 36. Nf4 a3 37. Ne2 b3 38. Nc3 bxa2 39. Nxa2 f4 40. Nc3 f3 41.
Na2 Kf5 42. Kc3 Ke4 43. Nc1 Ke5 44. Nd3+ Kf6 45. Kb3 Kf5 46. Kxa3 Ke4 47. Nf4
Kd4 48. Kb3 h4 49. gxh4 Ke4 50. h5 Kxf4 51. h6 g3 52. hxg3+ Kg4 53. Kc3 Kh3 54.
Kd3 Kg2 55. Ke3 Kh2 56. h7 Kh1 57. Kxf3 Kh2 58. h8=Q+ Kg1 59. Qh7 1-0

[Event "XVIII Open Nicolo' La Rosa"]
[Site "Mazara del Vallo ITA"]
[Date "2010.08.20"]
[Round "6"]
[White "Savalla, Gianluca"]
[Black "Piazza, Francesco"]
[Result "1/2-1/2"]
[WhiteElo "1362"]
[BlackElo "1392"]
[PlyCount "32"]
[EventDate "2010.08.18"]

1. f4 g5 2. fxg5 b5 3. e4 e5 4. Bxb5 Qxg5 5. Qf3 Nf6 6. Nh3 Qg6 7. O-O Be7 8.
Nc3 Rg8 9. d3 Bb7 10. Bg5 h6 11. Bh4 Nxe4 12. dxe4 Bxh4 13. Rad1 f5 14. exf5
Bxf3 15. fxg6 Rxg6 16. Rxf3 c6 1/2-1/2

[Event "XVIII Open Nicolo' La Rosa"]
[Site "Mazara del Vallo ITA"]
[Date "2010.08.20"]
[Round "6"]
[White "Savalla, Pietro"]
[Black "Puleo, Diego"]
[Result "1-0"]
[WhiteElo "1583"]
[BlackElo "1938"]
[PlyCount "89"]
[EventDate "2010.08.18"]

1. e4 c5 2. Nf3 e6 3. d4 cxd4 4. Nxd4 Nf6 5. Nc3 Qb6 6. Nb3 Bb4 7. Bd2 O-O 8.
Bd3 d5 9. exd5 exd5 10. O-O Be6 11. a3 Bd6 12. Be3 Qd8 13. h3 Nc6 14. Nb5 Bb8
15. N5d4 Re8 16. Nxe6 fxe6 17. Nd4 e5 18. Nxc6 bxc6 19. c3 Qd6 20. g3 Bc7 21.
b4 Bb6 22. Re1 g6 23. Qb3 Kg7 24. Bf1 Nh5 25. Bg2 d4 26. Red1 Qf6 27. cxd4 exd4
28. Bd2 Rf8 29. Rf1 d3 30. Bc3 Bd4 31. Bxd4 Qxd4 32. Kh2 Rad8 33. Rad1 Rxf2 34.
Rxf2 Qxf2 35. Rxd3 Re8 36. Rf3 Qe1 37. Qc3+ Qxc3 38. Rxc3 Rc8 39. Rxc6 Rxc6 40.
Bxc6 Kf7 41. Kg2 Ke6 42. Kf3 Nf6 43. Kf4 h6 44. h4 g5+ 45. hxg5 1-0

[Event "XVIII Open Nicolo' La Rosa"]
[Site "Mazara del Vallo ITA"]
[Date "2010.08.20"]
[Round "6"]
[White "Scali, Fausto"]
[Black "D'Amico, Filippo"]
[Result "1-0"]
[WhiteElo "1971"]
[BlackElo "1482"]
[PlyCount "65"]
[EventDate "2010.08.18"]

1. e4 e6 2. d4 d5 3. Nc3 dxe4 4. Nxe4 Nd7 5. Nf3 Be7 6. Bd3 Ngf6 7. O-O O-O 8.
Qe2 b6 9. Ne5 Bb7 10. Ng5 h6 11. Ngf3 c5 12. c3 Qc7 13. Bf4 Bd6 14. Rfe1 Rfe8
15. Rad1 Rad8 16. Bb1 Re7 17. h3 Nf8 18. Bc1 Ree8 19. Ng4 N6h7 20. Nfe5 Nd7 21.
Bxh7+ Kxh7 22. Nxf7 Rc8 23. Qd3+ Kg8 24. Qg6 Bf4 25. Nfxh6+ Kh8 26. Nf7+ Kg8
27. Rxe6 Bd5 28. Nfh6+ Kh8 29. Rxe8+ Rxe8 30. Qxe8+ Kh7 31. Bxf4 Qxf4 32. Qxd7
Bxg2 33. Qf5+ 1-0

[Event "XVIII Open Nicolo' La Rosa"]
[Site "Mazara del Vallo ITA"]
[Date "2010.08.21"]
[Round "7"]
[White "Campo, Renato"]
[Black "Ljubisavljevic, Zivojin Z."]
[Result "0-1"]
[WhiteElo "2002"]
[BlackElo "2271"]
[PlyCount "110"]
[EventDate "2010.08.18"]

1. e4 c6 2. d4 d5 3. exd5 cxd5 4. Bd3 Nc6 5. c3 g6 6. Bf4 Bg7 7. Nd2 Nf6 8. h3
O-O 9. Ngf3 Nd7 10. O-O e5 11. dxe5 Ndxe5 12. Bc2 f6 13. Re1 Be6 14. Nd4 Bf7
15. N2f3 Re8 16. Ba4 Qb6 17. Rb1 a5 18. Nb5 Rad8 19. Be3 d4 20. Nfxd4 Nc4 21.
Bf4 Rxe1+ 22. Qxe1 Re8 23. Qc1 g5 24. Bg3 Qc5 25. b3 N4e5 26. Qf1 Bg6 27. Rd1
Bf7 28. f4 gxf4 29. Bxf4 Ne7 30. Be3 Nd5 31. Bf2 Qf8 32. Nf5 Rd8 33. Bd4 Nc6
34. Bf2 Be6 35. Nfd4 Bf7 36. c4 Nde7 37. Nc7 Nxd4 38. Bxd4 Nc6 39. Bb6 Qb4 40.
Rxd8+ Nxd8 41. Qf2 f5 42. Nd5 Bxd5 43. cxd5 Nf7 44. Bd7 f4 45. Be6 Be5 46. Be3
Qe4 47. Bc5 Kg7 48. Bxf7 Kxf7 49. Qf3 Qf5 50. d6 Ke6 51. d7 Bc7 52. Qg4 Qxg4
53. hxg4 Kxd7 54. a4 Kc6 55. Bf8 Kd5 {...} 0-1

[Event "XVIII Open Nicolo' La Rosa"]
[Site "Mazara del Vallo ITA"]
[Date "2010.08.21"]
[Round "7"]
[White "Cassia, Giuseppe"]
[Black "Piazza, Francesco"]
[Result "1-0"]
[WhiteElo "1586"]
[BlackElo "1392"]
[PlyCount "135"]
[EventDate "2010.08.18"]

1. e4 d6 2. Nf3 Bg4 3. d4 Nf6 4. Nc3 c6 5. Be2 Nbd7 6. O-O e5 7. dxe5 Nxe5 8.
Bf4 Ng6 9. Bg3 Nh5 10. Nd4 Bxe2 11. Ndxe2 Nxg3 12. Nxg3 Be7 13. Nf5 O-O 14. Qd4
Ne5 15. f4 c5 16. Qf2 Nc6 17. Nd5 Bf6 18. c3 b5 19. Rad1 g6 20. Nxf6+ Qxf6 21.
Rxd6 Qh8 22. Nh6+ Kg7 23. Qh4 Nd8 24. Nf5+ Kg8 25. Qg5 Re8 26. Rfd1 Ne6 27.
Ne7+ Kf8 28. Qh6+ Qg7 29. Qxg7+ Nxg7 30. Nc6 Rxe4 31. Rd8+ Re8 32. R8d5 Ne6 33.
g3 a6 34. Ne5 Rac8 35. Ng4 Red8 36. Rxd8+ Rxd8 37. Rxd8+ Nxd8 38. Nf6 Kg7 39.
Ne8+ Kf8 40. Nc7 a5 41. Nxb5 Ke7 42. a4 Nb7 43. Kf2 Ke6 44. b3 Nd6 45. Kf3 Nb7
46. g4 h6 47. Nc7+ Kd6 48. Nb5+ Ke6 49. Ke4 Nd6+ 50. Nxd6 Kxd6 51. h4 f6 52. b4
axb4 53. cxb4 cxb4 54. Kd4 b3 55. Kc3 Kd5 56. Kxb3 Ke4 57. g5 hxg5 58. fxg5
fxg5 59. hxg5 Kf5 60. a5 Kxg5 61. a6 Kh4 62. a7 g5 63. a8=Q g4 64. Qg2 g3 65.
Kc3 Kg4 66. Kd3 Kh4 67. Ke3 Kg4 68. Ke4 1-0

[Event "XVIII Open Nicolo' La Rosa"]
[Site "Mazara del Vallo ITA"]
[Date "2010.08.21"]
[Round "7"]
[White "Castelli, Giovanni J."]
[Black "Savalla, Gianluca"]
[Result "1-0"]
[WhiteElo "1792"]
[BlackElo "1362"]
[PlyCount "63"]
[EventDate "2010.08.18"]

1. e4 e5 2. f4 d6 3. Nf3 Nc6 4. Bc4 Nf6 5. Nc3 Be7 6. O-O Bg4 7. fxe5 dxe5 8.
Bb5 O-O 9. Bxc6 bxc6 10. d3 Qd4+ 11. Nxd4 Bxd1 12. Nf5 Bc5+ 13. d4 Bxd4+ 14.
Nxd4 exd4 15. Nxd1 Rfe8 16. Nf2 Rab8 17. Re1 h6 18. e5 Nd7 19. Nd3 Rb5 20. Bf4
c5 21. a4 Rb7 22. b3 Re6 23. Kf2 f6 24. exf6 Rxf6 25. Ke2 Rbb6 26. Bxc7 Rbc6
27. Bg3 c4 28. bxc4 Rxc4 29. Kd2 Rfc6 30. Ra2 Kf7 31. Ne5+ Nxe5 32. Rxe5 1-0

[Event "XVIII Open Nicolo' La Rosa"]
[Site "Mazara del Vallo ITA"]
[Date "2010.08.21"]
[Round "7"]
[White "D'Amico, Filippo"]
[Black "Cerami, Giuseppe"]
[Result "1/2-1/2"]
[WhiteElo "1482"]
[BlackElo "1631"]
[PlyCount "56"]
[EventDate "2010.08.18"]

1. c4 Nf6 2. Nf3 g6 3. Nc3 Bg7 4. d4 O-O 5. Bg5 h6 6. Bh4 d6 7. e3 Bf5 8. h3 g5
9. Bg3 Ne4 10. Nxe4 Bxe4 11. Bd3 Bxd3 12. Qxd3 e6 13. O-O Nd7 14. Rad1 f5 15.
Qb3 b6 16. c5 d5 17. cxb6 axb6 18. a3 c5 19. Bd6 Rf7 20. Rd2 c4 21. Qc2 Nf6 22.
Bb4 Ne4 23. Re2 b5 24. Nd2 Qc7 25. Nxe4 fxe4 26. Ree1 e5 27. dxe5 Bxe5 28. Rd1
Rd7 1/2-1/2

[Event "XVIII Open Nicolo' La Rosa"]
[Site "Mazara del Vallo ITA"]
[Date "2010.08.21"]
[Round "7"]
[White "Ferrante, Filippo"]
[Black "Roberti, Ignazio"]
[Result "0-1"]
[WhiteElo "1619"]
[BlackElo "1933"]
[PlyCount "64"]
[EventDate "2010.08.18"]

1. Nf3 f5 2. c4 Nf6 3. b3 g6 4. Bb2 Bg7 5. d3 c5 6. Nc3 Nc6 7. Nd5 O-O 8. Nxf6+
Bxf6 9. Bxf6 Rxf6 10. e3 Qa5+ 11. Qd2 Nb4 12. Ke2 Rd6 13. Ne1 e5 14. f3 Qd8 15.
Kd1 e4 16. fxe4 fxe4 17. d4 Qf6 18. Nc2 Nxc2 19. Kxc2 cxd4 20. Be2 d3+ 21. Kb1
dxe2 22. Qxe2 Qc3 23. Rd1 Rxd1+ 24. Qxd1 Qd3+ 25. Qxd3 exd3 26. Kc1 d5 27. Kd2
Bf5 28. cxd5 Rc8 29. Rc1 Rxc1 30. Kxc1 Kf7 31. h3 Ke7 32. g4 Be4 0-1

[Event "XVIII Open Nicolo' La Rosa"]
[Site "Mazara del Vallo ITA"]
[Date "2010.08.21"]
[Round "7"]
[White "Isonzo, David"]
[Black "Scali, Fausto"]
[Result "1-0"]
[WhiteElo "2357"]
[BlackElo "1971"]
[PlyCount "49"]
[EventDate "2010.08.18"]

1. e4 c5 2. Ne2 e6 3. Nbc3 d5 4. exd5 exd5 5. d4 Nf6 6. g3 Bg4 7. Bg2 cxd4 8.
Qxd4 Nc6 9. Qa4 Qd7 10. Bg5 Be7 11. O-O-O O-O 12. Bxf6 Bxf6 13. Nxd5 Qe6 14.
Nxf6+ gxf6 15. Nf4 Qc8 16. Rd6 Ne5 17. Nd5 Kg7 18. Nxf6 Be6 19. Nh5+ Kh8 20.
Qd4 f6 21. Nxf6 Rxf6 22. Qxe5 Kg7 23. Re1 Qxc2+ 24. Kxc2 Rc8+ 25. Kd2 1-0

[Event "XVIII Open Nicolo' La Rosa"]
[Site "Mazara del Vallo ITA"]
[Date "2010.08.21"]
[Round "7"]
[White "La Bella, Massimiliano"]
[Black "Savalla, Pietro"]
[Result "1-0"]
[WhiteElo "1996"]
[BlackElo "1583"]
[PlyCount "73"]
[EventDate "2010.08.18"]

1. e4 e5 2. f4 exf4 3. Nf3 d6 4. d4 Nf6 5. Nc3 g6 6. Bxf4 Bg7 7. Qd2 O-O 8.
O-O-O Re8 9. Bg5 c6 10. Bd3 Qa5 11. Rhf1 d5 12. Bxf6 Bxf6 13. e5 Bg7 14. Qe2
Be6 15. Qf2 Qc7 16. Ng5 Qe7 17. Nxe6 fxe6 18. Qg3 Nd7 19. Ne2 Bh6+ 20. Kb1 Qg5
21. Qh3 Bg7 22. Rf3 Qe7 23. Nf4 Nf8 24. Rdf1 Qd7 25. g4 Re7 26. Ng2 Rd8 27. g5
Qe8 28. Ne3 Rdd7 29. Ng4 Rf7 30. Nf6+ Bxf6 31. gxf6 Rc7 32. Rg1 Rcd7 33. Qh6
Rc7 34. Rfg3 Rcd7 35. h4 Qd8 36. Bxg6 hxg6 37. Rxg6+ {...} 1-0

[Event "XVIII Open Nicolo' La Rosa"]
[Site "Mazara del Vallo ITA"]
[Date "2010.08.21"]
[Round "7"]
[White "La Bella, Roberto"]
[Black "Bifulco, Michel"]
[Result "1/2-1/2"]
[WhiteElo "2098"]
[BlackElo "1952"]
[PlyCount "129"]
[EventDate "2010.08.18"]

1. e4 c5 2. Nf3 d6 3. d4 cxd4 4. Nxd4 Nf6 5. Nc3 g6 6. Be3 Bg7 7. f3 Nc6 8. Qd2
O-O 9. O-O-O Nxd4 10. Bxd4 Be6 11. g4 Qa5 12. Kb1 Rfc8 13. Bxf6 exf6 14. Nd5
Qxd2 15. Rxd2 Bxd5 16. Rxd5 Rd8 17. Bb5 Kf8 18. h4 Rac8 19. h5 h6 20. Rhd1 Ke7
21. Ba4 Rc5 22. Bb3 Rxd5 23. Bxd5 b6 24. f4 g5 25. f5 Bf8 26. Rd3 Rc8 27. a4
Rc7 28. a5 bxa5 29. Ra3 Kd8 30. Rxa5 Kc8 31. c4 Kd8 32. Ka2 Kc8 33. Kb3 Kd8 34.
Ka4 Kc8 35. b4 Kd8 36. Kb5 Kc8 37. Ra6 Kb8 38. Rc6 Rb7+ 39. Ka4 Rb6 40. Rxb6+
axb6 41. Bxf7 Kc7 42. Kb3 Be7 43. Kc3 Kd7 44. Be6+ Kd8 45. Bd5 Kc7 46. Kd4 Kd7
47. Be6+ Kc7 48. Bf7 Kd7 49. Bd5 Bf8 50. Kd3 Be7 51. Kc3 Kc7 52. Kd4 Kd7 53.
Bb7 d5 54. c5 bxc5+ 55. bxc5 dxe4 56. Bxe4 Bd8 57. Kd5 Bc7 58. Bd3 Ke7 59. Bb5
Be5 60. Kc6 Kd8 61. Bc4 Bf4 62. Bf7 Be5 63. Kb7 Bf4 64. Bd5 Be5 65. Bc4 1/2-1/2

[Event "XVIII Open Nicolo' La Rosa"]
[Site "Mazara del Vallo ITA"]
[Date "2010.08.21"]
[Round "7"]
[White "Lo Piccolo, Antonino"]
[Black "Bucca, Angelo"]
[Result "1-0"]
[WhiteElo "1879"]
[BlackElo "1368"]
[PlyCount "67"]
[EventDate "2010.08.18"]

1. e4 e6 2. d4 d5 3. e5 c5 4. c3 Nc6 5. Nf3 Bd7 6. Bd3 f6 7. exf6 Nxf6 8. O-O
cxd4 9. cxd4 Qb6 10. Nc3 O-O-O 11. Na4 Qc7 12. Bd2 Kb8 13. Rc1 Bd6 14. g3 h6
15. b4 a6 16. Nc5 Bxc5 17. Rxc5 g5 18. a4 Qd6 19. Re1 b6 20. Rc1 Nxb4 21. Bxb4
Qxb4 22. Rb1 Bxa4 23. Rxb4 Bxd1 24. Rxd1 a5 25. Rxb6+ Kc7 26. Rxe6 a4 27. Rxf6
Ra8 28. Rc1+ Kd7 29. Ne5+ Ke7 30. Rf7+ Ke8 31. Rcc7 a3 32. Rfe7+ Kf8 33. Ng6+
Kg8 34. Rg7# 1-0

[Event "XVIII Open Nicolo' La Rosa"]
[Site "Mazara del Vallo ITA"]
[Date "2010.08.21"]
[Round "7"]
[White "Messina, Damiano"]
[Black "Speciale, Francesco"]
[Result "1-0"]
[WhiteElo "2001"]
[BlackElo "1893"]
[PlyCount "93"]
[EventDate "2010.08.18"]

1. e4 g6 2. d4 Bg7 3. Nf3 c5 4. Nc3 cxd4 5. Nxd4 a6 6. Be3 d6 7. Be2 Nc6 8. O-O
Bd7 9. Nd5 Rc8 10. Nb3 e6 11. Nb6 Rb8 12. Qxd6 Be5 13. Qd2 Bc7 14. Qxd7+ Qxd7
15. Nxd7 Kxd7 16. Rad1+ Ke8 17. f4 Nge7 18. Nd4 Rg8 19. Nxc6 Nxc6 20. c4 Rd8
21. Rxd8+ Bxd8 22. Rf3 Kf8 23. Bc5+ Kg7 24. Rd3 Bc7 25. g3 Rd8 26. Rxd8 Bxd8
27. e5 f6 28. Bd6 Bb6+ 29. c5 Bd8 30. Bf3 fxe5 31. Bxc6 bxc6 32. Bxe5+ Kf7 33.
Kf1 Ke8 34. Ke2 Kd7 35. Kd3 h6 36. Kc4 Kc8 37. g4 Kb7 38. b4 Be7 39. a4 Bh4 40.
b5 axb5+ 41. axb5 h5 42. gxh5 gxh5 43. b6 Bf2 44. Bd6 h4 45. h3 Be3 46. Kd3 Bf2
47. Ke4 1-0

[Event "XVIII Open Nicolo' La Rosa"]
[Site "Mazara del Vallo ITA"]
[Date "2010.08.21"]
[Round "7"]
[White "Nocera, Alice"]
[Black "Mancuso, Fabrizio"]
[Result "0-1"]
[WhiteElo "1389"]
[BlackElo "1335"]
[PlyCount "162"]
[EventDate "2010.08.18"]

1. d4 Nf6 2. Nf3 e6 3. Bg5 d5 4. c3 c5 5. e3 h6 6. Bh4 c4 7. Nbd2 Be7 8. Ne5
O-O 9. b3 cxb3 10. axb3 Nbd7 11. Bd3 Qc7 12. Bxf6 Bxf6 13. Nxd7 Bxd7 14. c4
dxc4 15. bxc4 Bc6 16. e4 Rfe8 17. O-O Bxd4 18. Rb1 Be5 19. Nf3 Bf6 20. Re1 Rad8
21. Qe2 Qd7 22. Rbd1 Qc7 23. e5 Be7 24. Kf1 Bxf3 25. Qxf3 f6 26. Qe4 f5 27. Qf3
Rf8 28. Qg3 Rd4 29. Be2 Re4 30. Bh5 Qxc4+ 31. Be2 Qc5 32. f3 Rxe5 33. Rd7 Rd5
34. Rd1 Rxd1+ 35. Rxd1 Rd8 36. Qg6 Rxd1+ 37. Bxd1 Qc4+ 38. Be2 Qc1+ 39. Kf2
Bc5+ 40. Kg3 Qg5+ 41. Qxg5 hxg5 42. f4 Bd6 43. Kf3 Bxf4 44. Bc4 Kf7 45. g3 Bd6
46. Bb5 a6 47. Bd3 b5 48. Ke3 f4+ 49. gxf4 Bxf4+ 50. Ke4 Bxh2 51. Kf3 Kf6 52.
Kg4 Bf4 53. Kf3 Ke5 54. Kg4 Kd4 55. Bf1 Kc5 56. Bd3 b4 57. Bxa6 b3 58. Kf3 Kb4
59. Ke2 Kc3 60. Bd3 e5 61. Bf5 Kb2 62. Kd1 Kc3 63. Bg6 g4 64. Ke2 Kb2 65. Kf2
Kc1 66. Be4 b2 67. Ke2 b1=Q 68. Bxb1 Kxb1 69. Kf2 g3+ 70. Kf3 Kc1 71. Kg2 Kd2
72. Kf1 e4 73. Kg2 e3 74. Kf3 e2 75. Kxf4 e1=Q 76. Kg4 Qe4+ 77. Kxg3 Qf5 78.
Kh4 Qg6 79. Kh3 Ke3 80. Kh2 Kf2 81. Kh3 Qg3# 0-1

[Event "XVIII Open Nicolo' La Rosa"]
[Site "Mazara del Vallo ITA"]
[Date "2010.08.21"]
[Round "7"]
[White "Piazza, Dario"]
[Black "Cangemi, Felice"]
[Result "1-0"]
[WhiteElo "1662"]
[BlackElo "1463"]
[PlyCount "123"]
[EventDate "2010.08.18"]

1. e4 e5 2. Nf3 Nc6 3. Bc4 Nf6 4. Nc3 Bc5 5. d3 h6 6. O-O d6 7. Na4 Bb6 8. Nxb6
axb6 9. c3 O-O 10. h3 Na5 11. Bb5 c6 12. Ba4 b5 13. Bc2 c5 14. Re1 Nc6 15. Be3
Re8 16. Nd2 Be6 17. b3 Qd7 18. Qf3 Nh7 19. Qg3 Kh8 20. f4 exf4 21. Bxf4 g5 22.
Bxd6 b6 23. Qh2 f5 24. exf5 Bxf5 25. Nf3 Kg7 26. Rxe8 Rxe8 27. g4 Bg6 28. Rd1
Re6 29. Bg3 Qf7 30. Ne5 Nxe5 31. Bxe5+ Nf6 32. Rf1 Qd7 33. Bxf6+ Rxf6 34. Qe5
Qd8 35. Rxf6 Qxf6 36. Qxf6+ Kxf6 37. Kf2 Ke5 38. Ke3 Kd6 39. Bd1 Kd5 40. Bf3+
Kd6 41. Be4 Bxe4 42. Kxe4 Ke6 43. d4 Kd6 44. d5 b4 45. c4 Ke7 46. Ke5 Kd7 47.
d6 Kd8 48. Kf6 Kd7 49. Ke5 Kd8 50. Ke6 Ke8 51. Kf6 Kd7 52. Kg6 Kxd6 53. Kxh6
Ke5 54. Kxg5 Kd4 55. Kf6 Kc3 56. g5 Kb2 57. g6 Kxa2 58. g7 Kxb3 59. g8=Q Kc3
60. Qg1 Kxc4 61. h4 b3 62. h5 1-0

[Event "XVIII Open Nicolo' La Rosa"]
[Site "Mazara del Vallo ITA"]
[Date "2010.08.21"]
[Round "7"]
[White "Puleo, Diego"]
[Black "Pandolfo, Sergio"]
[Result "1-0"]
[WhiteElo "1938"]
[BlackElo "1649"]
[PlyCount "63"]
[EventDate "2010.08.18"]

1. e4 c5 2. Nf3 d6 3. c3 Nf6 4. Be2 e6 5. O-O Be7 6. d3 O-O 7. Be3 Nc6 8. Nbd2
d5 9. e5 Nd7 10. d4 c4 11. Qc2 b5 12. b3 a5 13. a4 cxb3 14. Qxb3 b4 15. c4 Ba6
16. Rfc1 Ndb8 17. Bd3 f6 18. exf6 Bxf6 19. cxd5 exd5 20. Rc5 Ne7 21. Ng5 Bxg5
22. Bxg5 Bb7 23. Qc2 h6 24. Bxe7 Qxe7 25. Rc7 Qf6 26. Rxb7 Qxf2+ 27. Kh1 Qxd4
28. Re1 Nc6 29. Bb5 Ne5 30. Nb3 Qf4 31. Qb2 Ng4 32. Qxg7# 1-0

[Event "XVIII Open Nicolo' La Rosa"]
[Site "Mazara del Vallo ITA"]
[Date "2010.08.22"]
[Round "8"]
[White "Bucca, Angelo"]
[Black "Ferrante, Filippo"]
[Result "0-1"]
[WhiteElo "1368"]
[BlackElo "1619"]
[PlyCount "64"]
[EventDate "2010.08.18"]

1. e4 e6 2. Nf3 d5 3. e5 c5 4. c3 Nc6 5. d4 Bd7 6. Be2 cxd4 7. cxd4 Be7 8. Bd2
Qb6 9. Bc3 f6 10. a4 fxe5 11. dxe5 Bb4 12. Nbd2 Nge7 13. Ng5 O-O 14. O-O Bxc3
15. Qc2 g6 16. bxc3 Nxe5 17. c4 Rfc8 18. a5 Qd8 19. a6 b6 20. Qb3 Nf5 21. cxd5
Nd4 22. Qe3 Nxe2+ 23. Qxe2 Qxg5 24. Ne4 Qe7 25. d6 Qg7 26. Rac1 Rxc1 27. Rxc1
Nc6 28. Ng5 Re8 29. Qf3 Nd8 30. Rc7 Qa1+ 31. Rc1 Qxc1+ 32. Qd1 Qxd1# 0-1

[Event "XVIII Open Nicolo' La Rosa"]
[Site "Mazara del Vallo ITA"]
[Date "2010.08.22"]
[Round "8"]
[White "Cangemi, Felice"]
[Black "Nocera, Alice"]
[Result "1-0"]
[WhiteElo "1463"]
[BlackElo "1389"]
[PlyCount "127"]
[EventDate "2010.08.18"]

1. e4 g6 2. d4 e6 3. Nf3 Bg7 4. Bc4 Ne7 5. c3 d5 6. exd5 exd5 7. Bb3 Nbc6 8.
Ba4 O-O 9. Bf4 a6 10. Bxc6 Nxc6 11. O-O Bg4 12. Nbd2 Qd7 13. b3 b5 14. Re1 Ne7
15. Qc2 Rae8 16. h3 Bxf3 17. Nxf3 Nf5 18. Qd2 c6 19. Ne5 Bxe5 20. Bxe5 f6 21.
Bf4 Rxe1+ 22. Rxe1 Kg7 23. b4 g5 24. Bh2 h6 25. g4 Nh4 26. Qd3 Re8 27. Rxe8
Qxe8 28. Bg3 Qe1+ 29. Kh2 Kf7 30. Bxh4 gxh4 31. Kg2 Ke6 32. Qe3+ Qxe3 33. fxe3
f5 34. Kf3 fxg4+ 35. Kxg4 Kf6 36. Kxh4 Kg6 37. a3 h5 38. Kg3 Kg5 39. h4+ Kf5
40. Kf3 Ke6 41. Kf4 Kf6 42. e4 dxe4 43. Kxe4 Ke6 44. Kf4 Kd5 45. Kg5 Kc4 46.
Kxh5 Kxc3 47. Kg5 Kxd4 48. h5 c5 49. bxc5 Kxc5 50. h6 b4 51. axb4+ Kxb4 52. h7
a5 53. h8=Q a4 54. Qb2+ Ka5 55. Kf5 a3 56. Qxa3+ Kb5 57. Qc3 Kb6 58. Qc4 Ka5
59. Qb3 Ka6 60. Ke5 Ka5 61. Kd6 Ka6 62. Qb4 Ka7 63. Kc7 Ka6 64. Qb6# 1-0

[Event "XVIII Open Nicolo' La Rosa"]
[Site "Mazara del Vallo ITA"]
[Date "2010.08.22"]
[Round "8"]
[White "D'Amico, Filippo"]
[Black "Piazza, Dario"]
[Result "1-0"]
[WhiteElo "1482"]
[BlackElo "1662"]
[PlyCount "53"]
[EventDate "2010.08.18"]

1. c4 Nf6 2. Nc3 e5 3. Nf3 Nc6 4. g3 d6 5. d4 exd4 6. Nxd4 Nxd4 7. Qxd4 Be7 8.
Bg2 O-O 9. O-O Re8 10. e4 c5 11. Qd3 Be6 12. Rd1 Nd7 13. b3 Ne5 14. Qe3 Qc7 15.
Bb2 Rad8 16. Rd2 Bxc4 17. f4 Ng4 18. Qf3 Be6 19. Rad1 Nh6 20. f5 Bc8 21. Nd5
Qb8 22. Nxe7+ Rxe7 23. Bxg7 Kxg7 24. f6+ Kf8 25. fxe7+ Kxe7 26. Rf1 f5 27. Qh5
1-0

[Event "XVIII Open Nicolo' La Rosa"]
[Site "Mazara del Vallo ITA"]
[Date "2010.08.22"]
[Round "8"]
[White "La Bella, Roberto"]
[Black "La Bella, Massimiliano"]
[Result "1/2-1/2"]
[WhiteElo "2098"]
[BlackElo "1996"]
[PlyCount "31"]
[EventDate "2010.08.18"]

1. d4 d5 2. c4 e6 3. Nc3 Nf6 4. Bg5 c6 5. Nf3 dxc4 6. e4 b5 7. e5 h6 8. Bh4 g5
9. Nxg5 hxg5 10. Bxg5 Nbd7 11. g3 Bb7 12. exf6 c5 13. d5 Qb6 14. Bg2 O-O-O 15.
O-O b4 16. Na4 1/2-1/2

[Event "XVIII Open Nicolo' La Rosa"]
[Site "Mazara del Vallo ITA"]
[Date "2010.08.22"]
[Round "8"]
[White "Ljubisavljevic, Zivojin Z."]
[Black "Bifulco, Michel"]
[Result "1-0"]
[WhiteElo "2271"]
[BlackElo "1952"]
[PlyCount "41"]
[EventDate "2010.08.18"]

1. b3 Nf6 2. Bb2 d5 3. e3 c6 4. f4 Bg4 5. Be2 Bxe2 6. Qxe2 Nbd7 7. Nf3 e6 8. d3
Be7 9. Nbd2 Qc7 10. O-O O-O 11. Kh1 Bd6 12. g4 e5 13. g5 e4 14. gxf6 exf3 15.
Nxf3 Nxf6 16. Bxf6 gxf6 17. Nh4 Kh8 18. Qh5 Rg8 19. Rf3 Rg6 20. Rh3 Bf8 21.
Nxg6+ 1-0

[Event "XVIII Open Nicolo' La Rosa"]
[Site "Mazara del Vallo ITA"]
[Date "2010.08.22"]
[Round "8"]
[White "Mancuso, Fabrizio"]
[Black "Cassia, Giuseppe"]
[Result "0-1"]
[WhiteElo "1335"]
[BlackElo "1586"]
[PlyCount "102"]
[EventDate "2010.08.18"]

1. e4 e6 2. d4 d5 3. exd5 exd5 4. Nf3 Be6 5. Bd3 Nf6 6. Bg5 Be7 7. O-O O-O 8.
Re1 Nc6 9. Nbd2 Nb4 10. Nb3 Nxd3 11. Qxd3 Ne4 12. Bxe7 Qxe7 13. Nbd2 Nxd2 14.
Qxd2 Qd6 15. Qe3 h6 16. Rad1 Rfe8 17. Qe5 Qc6 18. Qe2 Bg4 19. Qd3 Bxf3 20. gxf3
Re6 21. Qb3 Rae8 22. Re3 Rg6+ 23. Kh1 Rxe3 24. fxe3 Qd7 25. Rg1 Rb6 26. Qc3 Qe7
27. a3 Re6 28. Re1 Qg5 29. Qd2 Rg6 30. Qf2 Qf5 31. c3 Rf6 32. f4 Qe4+ 33. Qg2
Qxg2+ 34. Kxg2 Re6 35. Kf3 f5 36. Re2 Rg6 37. h3 a5 38. Kf2 a4 39. Re1 Rb6 40.
Re2 Kf7 41. Rc2 g5 42. Kg3 Re6 43. Kf3 Kg6 44. fxg5 hxg5 45. Rg2 Kh5 46. h4 g4+
47. Kf4 Kg6 48. h5+ Kf6 49. h6 Re4+ 50. Kg3 Rxe3+ 51. Kf4 Rf3# 0-1

[Event "XVIII Open Nicolo' La Rosa"]
[Site "Mazara del Vallo ITA"]
[Date "2010.08.22"]
[Round "8"]
[White "Messina, Damiano"]
[Black "Isonzo, David"]
[Result "0-1"]
[WhiteElo "2001"]
[BlackElo "2357"]
[PlyCount "62"]
[EventDate "2010.08.18"]

1. e4 c5 2. Nf3 d6 3. d4 cxd4 4. Nxd4 Nf6 5. Nc3 a6 6. Be2 e5 7. Nb3 Be7 8. Be3
Be6 9. O-O O-O 10. f4 Qc7 11. f5 Bc4 12. Nd2 Bxe2 13. Qxe2 Nbd7 14. g4 d5 15.
g5 d4 16. gxf6 Nxf6 17. Kh1 dxc3 18. bxc3 Qxc3 19. Rg1 Kh8 20. Rab1 b5 21. Rgc1
Rfd8 22. Rb3 Qc6 23. Qf3 Rac8 24. c4 Rd7 25. c5 Rcd8 26. Rc2 h6 27. a4 Rd3 28.
axb5 axb5 29. Rxd3 Rxd3 30. Kg1 b4 31. Qe2 Rc3 0-1

[Event "XVIII Open Nicolo' La Rosa"]
[Site "Mazara del Vallo ITA"]
[Date "2010.08.22"]
[Round "8"]
[White "Pandolfo, Sergio"]
[Black "Cerami, Giuseppe"]
[Result "1/2-1/2"]
[WhiteElo "1649"]
[BlackElo "1631"]
[PlyCount "124"]
[EventDate "2010.08.18"]

1. d4 Nf6 2. Nf3 g6 3. c4 Bg7 4. Nc3 O-O 5. e4 d6 6. Be2 Bg4 7. h3 Bxf3 8. Bxf3
Nbd7 9. O-O c5 10. Be3 Rb8 11. Be2 a6 12. f4 cxd4 13. Bxd4 Nc5 14. Bxc5 dxc5
15. e5 Nd7 16. Qc2 e6 17. Rad1 Qe7 18. Ne4 Rfd8 19. Rd2 Nf8 20. Rfd1 Rxd2 21.
Qxd2 f5 22. exf6 Bxf6 23. Nxf6+ Qxf6 24. Qd6 Rc8 25. Bg4 h5 26. Bf3 Qxb2 27.
Rd2 Qg7 28. Re2 Qd4+ 29. Qxd4 cxd4 30. Bxb7 Rxc4 31. Bxa6 Ra4 32. Bd3 Kf7 33.
Kf2 Nh7 34. Bc2 Ra7 35. Bb3 Re7 36. Re4 Nf6 37. Rxd4 Kg7 38. a4 Nd7 39. Bxe6
Nc5 40. Ba2 Ra7 41. g3 Nxa4 42. Bb1 Nc3 43. Bd3 Ra2+ 44. Kf3 Nd1 45. Rd7+ Kh6
46. Rd6 Rf2+ 47. Ke4 Rg2 48. Rxg6+ Kxg6 49. Kf3+ Kf6 50. Kxg2 Ne3+ 51. Kf3 Nd5
52. g4 hxg4+ 53. hxg4 Kg7 54. g5 Ne7 55. Kg4 Nc6 56. Kf5 Nd4+ 57. Ke4 Ne6 58.
Bc4 Nc5+ 59. Ke5 Nd7+ 60. Kd6 Nf8 61. f5 Nh7 62. f6+ Nxf6 1/2-1/2